عرض عادي
عرض مارك
- Cohen-Tannoudji, Claude,
مدخل إسم شخص
001 - رقم الضبط
- حقل الضبط: 57685
003 - معرف رقم الضبط
- حقل الضبط: OSt
005 - تاريخ ووقت أخر عملية
- حقل الضبط: 20170424104216.0
008 - عناصر بيانات ثابتة الطول
- حقل تحكم ثابت الطول: 170424|| aca||aabn | a|a d
040 ## - مصدر الفهرسة
- هيئة الفهرسة الأصلية: OSt
- وكالة الكتابة: OSt
100 ## - مدخل -- أسم شخص
- إسم شخص: Cohen-Tannoudji, Claude,
- تواريخ مرتبطة بالاسم: 1933-
670 ## - بيانات المصدر موجوده
- الاستشهاد بالمصدر: Work cat.: (OSt)0: Cohen-Tannoudji, Claude, 1933-, Quantum mechanics /, c1977.
